Normal view
MARC view
- Architectural Drawing And Graphic
Entry Topical Term
001 - CONTROL NUMBER
- control field: 10144
003 - CONTROL NUMBER IDENTIFIER
- control field: OSt
005 - DATE AND TIME OF LATEST TRANSACTION
- control field: 20220803165526.0
008 - FIXED-LENGTH DATA ELEMENTS
- fixed length control field: 220803|| aca||aabn | a|a d
040 ## - CATALOGING SOURCE
- Original cataloging agency: OSt
- Transcribing agency: OSt
150 ## - HEADING--TOPICAL TERM
- Topical term or geographic name entry element: Architectural Drawing And Graphic
670 ## - SOURCE DATA FOUND
- Source citation: Work cat.: (OSt)8804: Styles K 10143, Working Drawings Handbook, 1986